<?xml version="1.0" encoding="UTF-8"?><?xml-stylesheet type="text/xsl" href="static/style.xsl"?><OAI-PMH xmlns="http://www.openarchives.org/OAI/2.0/" xmlns:xsi="http://www.w3.org/2001/XMLSchema-instance" xsi:schemaLocation="http://www.openarchives.org/OAI/2.0/ http://www.openarchives.org/OAI/2.0/OAI-PMH.xsd"><responseDate>2026-06-02T21:45:33Z</responseDate><request verb="GetRecord" identifier="oai:riuma.uma.es:10630/30716" metadataPrefix="marc">https://riuma.uma.es/rest/oai/request</request><GetRecord><record><header><identifier>oai:riuma.uma.es:10630/30716</identifier><datestamp>2026-02-03T10:17:33Z</datestamp><setSpec>com_10630_1685</setSpec><setSpec>col_10630_38084</setSpec></header><metadata><record xmlns="http://www.loc.gov/MARC21/slim" xmlns:dcterms="http://purl.org/dc/terms/" xmlns:doc="http://www.lyncode.com/xoai" xmlns:xsi="http://www.w3.org/2001/XMLSchema-instance" xsi:schemaLocation="http://www.loc.gov/MARC21/slim http://www.loc.gov/standards/marcxml/schema/MARC21slim.xsd">
   <leader>00925njm 22002777a 4500</leader>
   <datafield ind2=" " ind1=" " tag="042">
      <subfield code="a">dc</subfield>
   </datafield>
   <datafield ind2=" " ind1=" " tag="720">
      <subfield code="a">González-Jurado, Deborah</subfield>
      <subfield code="e">author</subfield>
   </datafield>
   <datafield ind2=" " ind1=" " tag="260">
      <subfield code="c">2024</subfield>
   </datafield>
   <datafield ind2=" " ind1=" " tag="520">
      <subfield code="a">El texto al que nos enfrentamos es una síntesis de la disección intelectual a la que el Regeneracionismo sometió al gobierno de la monarquía parlamentaria de la Restauración española, a finales del siglo XIX y principios del XX. El objetivo del texto es llegar a la verdad, por lo que tiene un objetivo histórico, con fines de obtener una mejora sociológica. Pretende ajustar la percepción del lector a la realidad, verbalizar, poner en palabras y líneas comprensibles, la fuerte desviación existente en el sistema de gobierno de la nación, y la forma política que adopta, constitucional.</subfield>
   </datafield>
   <datafield ind1="8" ind2=" " tag="024">
      <subfield code="a">González-Jurado, Deborah (2024) Comentario de texto. Joaquín Costa, el Regeneracionsimo y el Krausismo</subfield>
   </datafield>
   <datafield ind1="8" ind2=" " tag="024">
      <subfield code="a">https://hdl.handle.net/10630/30716</subfield>
   </datafield>
   <datafield tag="653" ind2=" " ind1=" ">
      <subfield code="a">España - Historia - Epoca contemporánea</subfield>
   </datafield>
   <datafield ind2="0" ind1="0" tag="245">
      <subfield code="a">Comentario de texto. Joaquín Costa, el Regeneracionsimo y el Krausismo</subfield>
   </datafield>
</record>
</metadata></record></GetRecord></OAI-PMH>